<?xml version="1.0" encoding="UTF-8"?>
<record
    xmlns:xsi="http://www.w3.org/2001/XMLSchema-instance"
    xsi:schemaLocation="http://www.loc.gov/MARC21/slim http://www.loc.gov/standards/marcxml/schema/MARC21slim.xsd"
    xmlns="http://www.loc.gov/MARC21/slim">

  <leader>00384nam a2200181Ia 4500</leader>
  <datafield tag="100" ind1=" " ind2=" ">
    <subfield code="a">Gupta/I.C </subfield>
  </datafield>
  <datafield tag="650" ind1=" " ind2=" ">
    <subfield code="a">Metrology</subfield>
  </datafield>
  <datafield tag="250" ind1=" " ind2=" ">
    <subfield code="a">7</subfield>
  </datafield>
  <datafield tag="942" ind1=" " ind2=" ">
    <subfield code="c">BK</subfield>
  </datafield>
  <datafield tag="366" ind1=" " ind2=" ">
    <subfield code="f">10</subfield>
  </datafield>
  <datafield tag="654" ind1=" " ind2=" ">
    <subfield code="a">metrology</subfield>
  </datafield>
  <datafield tag="245" ind1=" " ind2=" ">
    <subfield code="a">Text Book Of Engineering Metrology</subfield>
  </datafield>
  <datafield tag="260" ind1=" " ind2=" ">
    <subfield code="b">Dhanpat Rai &amp; Sons</subfield>
    <subfield code="c">2010</subfield>
  </datafield>
  <datafield tag="082" ind1=" " ind2=" ">
    <subfield code="a">620.004</subfield>
    <subfield code="b">GUP</subfield>
  </datafield>
  <datafield tag="300" ind1=" " ind2=" ">
    <subfield code="a">998</subfield>
  </datafield>
  <datafield tag="546" ind1=" " ind2=" ">
    <subfield code="a">ENGLISH</subfield>
    <subfield code="c">Info.Tech</subfield>
  </datafield>
  <datafield tag="999" ind1=" " ind2=" ">
    <subfield code="c">29564</subfield>
    <subfield code="d">29564</subfield>
  </datafield>
  <datafield tag="952" ind1=" " ind2=" ">
    <subfield code="0">0</subfield>
    <subfield code="1">0</subfield>
    <subfield code="4">0</subfield>
    <subfield code="7">0</subfield>
    <subfield code="8">CRC</subfield>
    <subfield code="a">CRCE</subfield>
    <subfield code="b">1234</subfield>
    <subfield code="d">2023-03-17</subfield>
    <subfield code="e">Professional  Book House</subfield>
    <subfield code="g">292.50</subfield>
    <subfield code="i">71 dt 27/09/2010</subfield>
    <subfield code="l">1</subfield>
    <subfield code="o">620.004 GUP</subfield>
    <subfield code="p">21113</subfield>
    <subfield code="q">2016-08-16</subfield>
    <subfield code="r">2023-06-12</subfield>
    <subfield code="s">2023-06-12</subfield>
    <subfield code="v">325.00</subfield>
    <subfield code="w">0000-00-00</subfield>
    <subfield code="y">BK</subfield>
  </datafield>
  <datafield tag="952" ind1=" " ind2=" ">
    <subfield code="0">0</subfield>
    <subfield code="1">0</subfield>
    <subfield code="4">0</subfield>
    <subfield code="7">0</subfield>
    <subfield code="8">CRC</subfield>
    <subfield code="a">CRCE</subfield>
    <subfield code="b">CRCE</subfield>
    <subfield code="d">2023-03-17</subfield>
    <subfield code="e">Professional  Book House</subfield>
    <subfield code="g">292.50</subfield>
    <subfield code="i">71 dt 27/09/2010</subfield>
    <subfield code="l">0</subfield>
    <subfield code="o">620.004 GUP</subfield>
    <subfield code="p">21114</subfield>
    <subfield code="r">2023-03-17</subfield>
    <subfield code="v">325.00</subfield>
    <subfield code="w">0000-00-00</subfield>
    <subfield code="y">BK</subfield>
  </datafield>
  <datafield tag="952" ind1=" " ind2=" ">
    <subfield code="0">0</subfield>
    <subfield code="1">0</subfield>
    <subfield code="4">0</subfield>
    <subfield code="7">0</subfield>
    <subfield code="8">CRC</subfield>
    <subfield code="a">CRCE</subfield>
    <subfield code="b">CRCE</subfield>
    <subfield code="d">2023-03-17</subfield>
    <subfield code="e">Professional  Book House</subfield>
    <subfield code="g">292.50</subfield>
    <subfield code="i">71 dt 27/09/2010</subfield>
    <subfield code="l">0</subfield>
    <subfield code="o">620.004 GUP</subfield>
    <subfield code="p">21115</subfield>
    <subfield code="r">2023-03-17</subfield>
    <subfield code="v">325.00</subfield>
    <subfield code="w">0000-00-00</subfield>
    <subfield code="y">BK</subfield>
  </datafield>
  <datafield tag="952" ind1=" " ind2=" ">
    <subfield code="0">0</subfield>
    <subfield code="1">0</subfield>
    <subfield code="4">0</subfield>
    <subfield code="7">0</subfield>
    <subfield code="8">CRC</subfield>
    <subfield code="a">CRCE</subfield>
    <subfield code="b">CRCE</subfield>
    <subfield code="d">2023-03-17</subfield>
    <subfield code="e">Professional  Book House</subfield>
    <subfield code="g">292.50</subfield>
    <subfield code="i">71 dt 27/09/2010</subfield>
    <subfield code="l">3</subfield>
    <subfield code="o">620.004 GUP</subfield>
    <subfield code="p">21116</subfield>
    <subfield code="r">2024-12-21</subfield>
    <subfield code="s">2024-12-17</subfield>
    <subfield code="v">325.00</subfield>
    <subfield code="w">0000-00-00</subfield>
    <subfield code="y">BK</subfield>
  </datafield>
  <datafield tag="952" ind1=" " ind2=" ">
    <subfield code="0">0</subfield>
    <subfield code="1">0</subfield>
    <subfield code="4">0</subfield>
    <subfield code="7">0</subfield>
    <subfield code="8">CRC</subfield>
    <subfield code="a">CRCE</subfield>
    <subfield code="b">CRCE</subfield>
    <subfield code="d">2023-03-17</subfield>
    <subfield code="e">Professional  Book House</subfield>
    <subfield code="g">292.50</subfield>
    <subfield code="i">71 dt 27/09/2010</subfield>
    <subfield code="l">0</subfield>
    <subfield code="o">620.004 GUP</subfield>
    <subfield code="p">21117</subfield>
    <subfield code="r">2023-03-17</subfield>
    <subfield code="v">325.00</subfield>
    <subfield code="w">0000-00-00</subfield>
    <subfield code="y">BK</subfield>
  </datafield>
  <datafield tag="952" ind1=" " ind2=" ">
    <subfield code="0">0</subfield>
    <subfield code="1">0</subfield>
    <subfield code="4">0</subfield>
    <subfield code="7">0</subfield>
    <subfield code="8">CRC</subfield>
    <subfield code="a">CRCE</subfield>
    <subfield code="b">428</subfield>
    <subfield code="d">2023-03-17</subfield>
    <subfield code="e">Professional  Book House</subfield>
    <subfield code="g">292.50</subfield>
    <subfield code="i">71 dt 27/09/2010</subfield>
    <subfield code="l">1</subfield>
    <subfield code="o">620.004 GUP</subfield>
    <subfield code="p">21118</subfield>
    <subfield code="r">2025-09-11</subfield>
    <subfield code="s">2025-09-08</subfield>
    <subfield code="v">325.00</subfield>
    <subfield code="w">0000-00-00</subfield>
    <subfield code="y">BK</subfield>
  </datafield>
  <datafield tag="952" ind1=" " ind2=" ">
    <subfield code="0">0</subfield>
    <subfield code="1">0</subfield>
    <subfield code="4">0</subfield>
    <subfield code="7">0</subfield>
    <subfield code="8">CRC</subfield>
    <subfield code="a">CRCE</subfield>
    <subfield code="b">CRCE</subfield>
    <subfield code="d">2023-03-17</subfield>
    <subfield code="e">Professional  Book House</subfield>
    <subfield code="g">292.50</subfield>
    <subfield code="i">71 dt 27/09/2010</subfield>
    <subfield code="l">0</subfield>
    <subfield code="o">620.004 GUP</subfield>
    <subfield code="p">21119</subfield>
    <subfield code="r">2023-03-17</subfield>
    <subfield code="v">325.00</subfield>
    <subfield code="w">0000-00-00</subfield>
    <subfield code="y">BK</subfield>
  </datafield>
  <datafield tag="952" ind1=" " ind2=" ">
    <subfield code="0">0</subfield>
    <subfield code="1">0</subfield>
    <subfield code="4">0</subfield>
    <subfield code="7">0</subfield>
    <subfield code="8">CRC</subfield>
    <subfield code="a">CRCE</subfield>
    <subfield code="b">CRCE</subfield>
    <subfield code="d">2023-03-17</subfield>
    <subfield code="e">Professional  Book House</subfield>
    <subfield code="g">292.50</subfield>
    <subfield code="i">71 dt 27/09/2010</subfield>
    <subfield code="l">0</subfield>
    <subfield code="o">620.004 GUP</subfield>
    <subfield code="p">21120</subfield>
    <subfield code="r">2023-03-17</subfield>
    <subfield code="v">325.00</subfield>
    <subfield code="w">0000-00-00</subfield>
    <subfield code="y">BK</subfield>
  </datafield>
</record>
